Gaming Quiz

Random Gaming Quiz

StarCraft 2 Quiz Stats

Quiz not verified by Sporcle

Challenge
Share
Tweet
Embed
Score 0/43 Timer 04:00
0 Plays Today
Type of Unit Unit Name % Correct
GroundMarine
93.1%
GroundZergling
87.3%
GroundZealot
81.5%
GroundMarauder
80.4%
GroundHydralisk
78.8%
GroundStalker
77.8%
AirMutalisk
75.7%
GroundSCV
75.1%
AirCarrier
73%
Air/GroundViking
72.5%
GroundDrone
72%
GroundGhost
71.4%
GroundThor
71.4%
GroundProbe
70.9%
GroundRoach
70.9%
AirBattlecruiser
69.3%
GroundDark Templar
67.2%
GroundHellion
67.2%
AirBrood Lord
67.2%
GroundImmortal
66.1%
AirVoid Ray
66.1%
GroundHigh Templar
65.1%
Type of Unit Unit Name % Correct
AirBanshee
65.1%
GroundUltralisk
64.6%
GroundColossus
63%
AirOverlord
63%
GroundReaper
62.4%
GroundBaneling
59.8%
AirCorruptor
55.6%
GroundSentry
54.5%
AirMothership
54%
AirObserver
54%
AirOverseer
53.4%
AirRaven
51.3%
GroundInfestor
49.7%
AirQueen
46%
GroundArchon
45.5%
AirPheonix
36.5%
GroundSeige Tank
34.4%
GroundLarva
25.9%
GroundMULE
24.9%
AirMedivac Dropship
10.1%
GroundWarp Prisim
2.6%

You're not logged in!

Compare scores with friends on all Sporcle quizzes.
Sign Up with Email
OR
Log In

You Might Also Like...

Show Comments

Extras

Top Quizzes Today


Score Distribution

Your Account Isn't Verified!

In order to create a playlist on Sporcle, you need to verify the email address you used during registration. Go to your Sporcle Settings to finish the process.